Szkalka rom. Vágvölgye

Zobrazenie: Pohľad zo svahu na ruiny pútnickeho kostola Sv. Andreja-Svorada a Beňadika na tzv. Malej Skalke, pred ktorým sú stromy. Na svahu stojí žena. V popredí vľavo sú konáre. V diaľke vpravo sú kopce

Bibliographic Details
Format: Postcard
Language:Hungarian
German
PhysicalDescription:1 pohľadnica kolorovaná 9 x 14 cm
Published: [Slovensko?] Schwarcz Vilmos kiadása 1917
Subjects:

MARC

LEADER 00000nkm a2200000 a 4500
001 vtls011884845
003 SK-MaSNL
005 20260512123059.0
007 kp ho
008 230706s1917 xo g kuhun
015 |a SNBG1917 
035 |a urn:nbn:sk:snk-km00eaio 
035 |a urn:nbn:sk:snk-km43gnj 
035 |a 56F4D7BD-734E-4C4B-90FE-56D7FC924533 
040 |a SNK  |b slo  |c SNK  |e AACR2 
041 0 |a hun  |a ger 
043 |a e-xo--- 
044 |a xo  |c SK 
072 7 |a 913  |x Regionálna geografia  |2 konspekt 
080 |a 726:27-523.42  |2 2011 
080 |a 913(437.6)  |2 2011 
080 |a 726.95  |2 2011 
080 |a 904(084.121)  |2 2011 
245 0 0 |a Szkalka rom.  |h grafika  |b Vágvölgye 
246 3 1 |a Szkalka-ruine  |b Waagtal 
260 |a [Slovensko?]  |b Schwarcz Vilmos kiadása  |c 1917 
300 |a 1 pohľadnica  |b kolorovaná  |c 9 x 14 cm 
500 |a Názvové údaje prevzaté z obrazovej časti pohľadnice 
520 8 |a Zobrazenie: Pohľad zo svahu na ruiny pútnickeho kostola Sv. Andreja-Svorada a Beňadika na tzv. Malej Skalke, pred ktorým sú stromy. Na svahu stojí žena. V popredí vľavo sú konáre. V diaľke vpravo sú kopce 
546 |a Súbežný názov a podnázov v nemčine 
610 2 7 |a Kostol sv. Andreja-Svorada a Beňadika (Skalka nad Váhom, Slovensko)  |2 SNKKA  |9 323134 
650 0 7 |a kostoly  |2 SNKPH  |9 3023 
650 0 7 |a kultúrne pamiatky  |2 SNKPH  |9 2862 
650 0 7 |a pútnické miesta  |2 SNKPH  |9 3031 
651 7 |a Skalka nad Váhom (Slovensko)  |2 SNKPHgeo  |9 86427 
655 7 |a pohľadnice kultúrnych pamiatok  |2 SNKPH  |9 70523 
655 7 |a miestne pohľadnice  |2 SNKPH  |9 70510 
852 |a Slovenská národná knižnica 
958 |a GBN 
958 |a ONDV 
958 |a GC 
999 |c 690171  |d 692101 
952 |a SNK  |b SNK  |y PREZ  |7 0  |p 17A1287025  |o snkSP 60041  |z Pohľadnica prešla poštou.  |0 0  |1 0  |4 0  |d 2019-09-03  |f 1  |l 0  |r 2026-02-23 20:24:50  |w 2026-02-23